00343nam a2200121Ia 4500008004100000041000800041082001700049100002100066245004500087260004900132300003100181365000900212240624s9999 xx 000 0 und d aeng a658.3128 KAT aKATZENBACH JON R aWISDOM OF TEAMS CREATING THE HIGH PERFOR c1993aBostonbHarvard Businesss School Press axii, : 291 : p. : cm. ; 24 cb40